Croatia in the Eurovision Song Contest - Statistics

General Stats
  • This quiz has been taken 32 times
    4 since last reset
  • The average score is 7 of 31
Answer Stats
Answer % Correct
Andromeda
100%
Poison Cake
100%
Rim Tim Tagi Dim
100%
Crazy
67%
Lighthouse
67%
Mama ŠČ!
67%
The Dream
67%
Tick-Tock
67%
Guilty Pleasure
33%
My Friend
33%
Celebrate
0%
Don't Ever Cry
0%
Everything I Want
0%
Kad zaspu anđeli
0%
Lako je sve
0%
Lijepa Tena
0%
Marija Magdalena
0%
Mižerja
0%
Moja štikla
0%
Nebo
0%
Neka mi ne svane
0%
Nek' ti bude ljubav sva
0%
Nostalgija
0%
Probudi me
0%
Romanca
0%
Strings of My Heart
0%
Sveta ljubav
0%
Više nisam tvoja
0%
Vjerujem u ljubav
0%
Vukovi umiru sami
0%
You Are The Only One
0%
No matching quizzes found
Score Distribution
Percent of People with Each Score
Percentile by Number Answered
Your Score History
You have not taken this quiz since the last reset